Koncepcia bytovej politiky. 2
Koncepcia bytovej politiky do roku 2000, ktorú prijala vláda SR, rieši tiež vlastnícke vzťahy a hospodárenie s bytovým fondom, ako aj vlastnícke vzťahy a hospodárenie s technickou infraštruktúrou. II. Kap. Rozvoj bývania. III. Vlastnícke vzťahy a hospodárenie s bytovým fondom. IV. Vlastnícke vzťahy...
Enregistré dans:
| Format: | Chapitre de livre |
|---|---|
| Langue: | slovaque |
| Sujets: | |
| Tags: |
Pas de tags, Soyez le premier à ajouter un tag!
|
MARC
| LEADER | 00000naa a2200000 4500 | ||
|---|---|---|---|
| 001 | r021040 | ||
| 005 | 20230825075451.0 | ||
| 041 | 0 | |a slo | |
| 044 | |a SK | ||
| 245 | 1 | 0 | |a Koncepcia bytovej politiky. 2 |
| 520 | |a Koncepcia bytovej politiky do roku 2000, ktorú prijala vláda SR, rieši tiež vlastnícke vzťahy a hospodárenie s bytovým fondom, ako aj vlastnícke vzťahy a hospodárenie s technickou infraštruktúrou. II. Kap. Rozvoj bývania. III. Vlastnícke vzťahy a hospodárenie s bytovým fondom. IV. Vlastnícke vzťahy a hospodárenie s technickou infraštruktúrou. | ||
| 610 | 2 | 0 | |a politika bytová |
| 610 | 2 | 0 | |a 2000 |
| 610 | 2 | 0 | |a Slovensko |
| 610 | 2 | 0 | |a koncepcie |
| 610 | 2 | 0 | |a programy vládne |
| 610 | 2 | 0 | |a hospodárstvo bytové |
| 610 | 2 | 0 | |a vzťahy vlastnícke |
| 610 | 2 | 0 | |a byty |
| 610 | 2 | 0 | |a fond bytový |
| 610 | 2 | 0 | |a bývanie |